000 00823nas a2200289 4500
001 BR2010000143
003 BR-BrBNA
005 20231205113814.0
007 ta
008 230509b bl.|||p| |||| 00| 00por d
040 _aBR-BrBNA
_bpor
_cBiblioteca Nacional de Agricultura
041 _a(Pt)
072 _aF03
100 1 _aNeves, N.N.A.
100 1 _aNunes, T.A.
100 1 _aRibeiro, M.C.C.
100 1 _aOliveira, G.L.
100 1 _aSilva, C.C. da
245 1 _aGerminação de sementes e desenvolvimento de plântulas de Moringa oleifera Lam.
650 _aMORINGA
650 _aSEMENTE
650 _aPLANTULA
650 _aGERMINAÇÃO
773 0 _tCaatinga (Brazil)
_xISSN 0100-316X
_g(2007), v. 20(2) p. 63-67
_wBR2010000143
909 _a202311
_bLúcia
_c55
_dLúcia Elande
942 _2AGRIS
_n0
_cANA
999 _c205717
_d205717